| 000 | 004000000a22001570004500 | ||
|---|---|---|---|
| 041 | 0 | _aENG | |
| 082 | 0 | 4 | _aG 287.092 W511h |
| 100 | 1 | _aWesche, Percival A. | |
| 245 | 1 | 0 | _aHenry Clay Morrison : Crusader Saint / Percival A. Wesche |
| 300 | _a208 Pag | ||
| 001 | 8845 | ||
| 942 | _cBK | ||
| 999 |
_c38958 _d38958 |
||
| 336 |
_atexto _btxt _2rdacontent |
||
| 337 |
_2rdamedia _asin mediación _bn |
||
| 338 |
_2rdacarrier _avolumen _bnc |
||